Tennis féminin : Vainqueurs des WTA 1000 depuis 2009 - Statistiques

Statistiques générales
  • Ce quiz a été pris 279 fois
    12 depuis la dernière actualisation
  • Le résultat moyen est 114 sur 152
Statistiques - réponses
Année Tournoi Nationalité Gagnante % Correct
2009 Tokyo Russe Maria Sharapova
100%
2011 Rome Russe Maria Sharapova
100%
2011 Cincinnati Russe Maria Sharapova
100%
2012 Rome Russe Maria Sharapova
100%
2013 Indian Wells Russe Maria Sharapova
100%
2014 Madrid Russe Maria Sharapova
100%
2014 Pékin Russe Maria Sharapova
100%
2015 Rome Russe Maria Sharapova
100%
2011 Coupe Rogers Américaine Serena Williams
100%
2012 Madrid Américaine Serena Williams
100%
2013 Miami Américaine Serena Williams
100%
2013 Madrid Américaine Serena Williams
100%
2013 Rome Américaine Serena Williams
100%
2013 Coupe Rogers Américaine Serena Williams
100%
2013 Pékin Américaine Serena Williams
100%
2014 Miami Américaine Serena Williams
100%
2014 Coupe Rogers Américaine Serena Williams
100%
2014 Cincinnati Américaine Serena Williams
100%
2015 Miami Américaine Serena Williams
100%
2015 Cincinnati Américaine Serena Williams
100%
2016 Rome Américaine Serena Williams
100%
2009 Dubaï Américaine Venus Williams
100%
2010 Dubaï Américaine Venus Williams
100%
2015 Wuhan Américaine Venus Williams
100%
2018 Wuhan Biélorusse Aryna Sabalenka
89%
2019 Wuhan Biélorusse Aryna Sabalenka
89%
2020 Doha Biélorusse Aryna Sabalenka
89%
2021 Madrid Biélorusse Aryna Sabalenka
89%
2023 Madrid Biélorusse Aryna Sabalenka
89%
2024 Cincinnati Biélorusse Aryna Sabalenka
89%
2024 Wuhan Biélorusse Aryna Sabalenka
89%
2025 Miami Biélorusse Aryna Sabalenka
89%
2025 Madrid Biélorusse Aryna Sabalenka
89%
2026 Indian Wells Biélorusse Aryna Sabalenka
89%
2026 Miami Biélorusse Aryna Sabalenka
89%
2023 Cincinnati Américaine Coco Gauff
89%
2024 Pékin Américaine Coco Gauff
89%
2025 Wuhan Américaine Coco Gauff
89%
2023 Indian Wells Kazakh Elena Rybakina
89%
2023 Rome Kazakh Elena Rybakina
89%
2017 Dubaï Ukrainienne Elina Svitolina
89%
2017 Rome Ukrainienne Elina Svitolina
89%
2017 Coupe Rogers Ukrainienne Elina Svitolina
89%
2018 Rome Ukrainienne Elina Svitolina
89%
2026 Rome Ukrainienne Elina Svitolina
89%
2021 Rome Polonaise Iga Świątek
89%
2022 Doha Polonaise Iga Świątek
89%
2022 Indian Wells Polonaise Iga Świątek
89%
2022 Miami Polonaise Iga Świątek
89%
2022 Rome Polonaise Iga Świątek
89%
2023 Pékin Polonaise Iga Świątek
89%
2024 Doha Polonaise Iga Świątek
89%
2024 Indian Wells Polonaise Iga Świątek
89%
2024 Madrid Polonaise Iga Świątek
89%
2024 Rome Polonaise Iga Świątek
89%
2025 Cincinnati Polonaise Iga Świątek
89%
2024 Dubaï Italienne Jasmine Paolini
89%
2025 Rome Italienne Jasmine Paolini
89%
2023 Guadalajara Grecque María Sákkari
89%
2026 Madrid Ukrainienne Marta Kostyuk
89%
2019 Miami Australienne Ashleigh Barty
78%
2021 Miami Australienne Ashleigh Barty
78%
2021 Cincinnati Australienne Ashleigh Barty
78%
2017 Wuhan Française Caroline Garcia
78%
2017 Pékin Française Caroline Garcia
78%
2022 Cincinnati Française Caroline Garcia
78%
2015 Pékin Espagnole Garbiñe Muguruza
78%
2017 Cincinnati Espagnole Garbiñe Muguruza
78%
2021 Dubaï Espagnole Garbiñe Muguruza
78%
2022 Guadalajara Américaine Jessica Pegula
78%
2023 Coupe Rogers Américaine Jessica Pegula
78%
2024 Coupe Rogers Américaine Jessica Pegula
78%
2026 Dubaï Américaine Jessica Pegula
78%
2026 Doha Tchèque Karolína Muchová
78%
2025 Dubaï Russe Mirra Andreeva
78%
2025 Indian Wells Russe Mirra Andreeva
78%
2018 Indian Wells Japonaise Naomi Osaka
78%
2019 Pékin Japonaise Naomi Osaka
78%
2009 Miami Biélorusse Victoria Azarenka
78%
2011 Miami Biélorusse Victoria Azarenka
78%
2012 Doha Biélorusse Victoria Azarenka
78%
2012 Indian Wells Biélorusse Victoria Azarenka
78%
2012 Pékin Biélorusse Victoria Azarenka
78%
2013 Doha Biélorusse Victoria Azarenka
78%
2013 Cincinnati Biélorusse Victoria Azarenka
78%
2016 Indian Wells Biélorusse Victoria Azarenka
78%
2016 Miami Biélorusse Victoria Azarenka
78%
2020 Cincinnati Biélorusse Victoria Azarenka
78%
2025 Doha Américaine Amanda Anisimova
67%
2025 Pékin Américaine Amanda Anisimova
67%
2019 Indian Wells Canadienne Bianca Andreescu
67%
2019 Coupe Rogers Canadienne Bianca Andreescu
67%
2010 Coupe Rogers Danoise Caroline Wozniacki
67%
2010 Tokyo Danoise Caroline Wozniacki
67%
2010 Pékin Danoise Caroline Wozniacki
67%
2011 Dubaï Danoise Caroline Wozniacki
67%
2011 Indian Wells Danoise Caroline Wozniacki
67%
2018 Pékin Danoise Caroline Wozniacki
67%
2021 Indian Wells Espagnole Paula Badosa
67%
2011 Madrid Tchèque Petra Kvitová
67%
2012 Coupe Rogers Tchèque Petra Kvitová
67%
2013 Tokyo Tchèque Petra Kvitová
67%
2014 Wuhan Tchèque Petra Kvitová
67%
2015 Madrid Tchèque Petra Kvitová
67%
2016 Wuhan Tchèque Petra Kvitová
67%
2018 Doha Tchèque Petra Kvitová
67%
2018 Madrid Tchèque Petra Kvitová
67%
2023 Miami Tchèque Petra Kvitová
67%
2014 Doha Roumaine Simona Halep
67%
2015 Dubaï Roumaine Simona Halep
67%
2015 Indian Wells Roumaine Simona Halep
67%
2016 Madrid Roumaine Simona Halep
67%
2016 Coupe Rogers Roumaine Simona Halep
67%
2017 Madrid Roumaine Simona Halep
67%
2018 Coupe Rogers Roumaine Simona Halep
67%
2020 Rome Roumaine Simona Halep
67%
2022 Coupe Rogers Roumaine Simona Halep
67%
2025 Coupe Rogers Canadienne Victoria Mboko
67%
2011 Tokyo Polonaise Agnieszka Radwańska
56%
2011 Pékin Polonaise Agnieszka Radwańska
56%
2012 Miami Polonaise Agnieszka Radwańska
56%
2014 Rome Polonaise Agnieszka Radwańska
56%
2016 Pékin Polonaise Agnieszka Radwańska
56%
2024 Miami Américaine Danielle Collins
56%
2016 Cincinnati Tchèque Karolína Plíšková
56%
2019 Rome Tchèque Karolína Plíšková
56%
2010 Miami Belge Kim Clijsters
56%
2010 Cincinnati Belge Kim Clijsters
56%
2012 Cincinnati Chinoise Li Na
56%
2019 Cincinnati Américaine Madison Keys
56%
2022 Madrid Tunisienne Ons Jabeur
56%
2018 Miami Américaine Sloane Stephens
56%
2010 Madrid Française Aravane Rezaï
44%
2023 Dubaï Tchèque Barbora Krejčíková
44%
2015 Coupe Rogers Suisse Belinda Bencic
44%
2019 Dubaï Suisse Belinda Bencic
44%
2021 Coupe Rogers Italienne Camila Giorgi
44%
2016 Doha Espagnole Carla Suárez Navarro
44%
2009 Rome Russe Dinara Safina
44%
2009 Madrid Russe Dinara Safina
44%
2009 Coupe Rogers Russe Elena Dementieva
44%
2017 Indian Wells Russe Elena Vesnina
44%
2014 Indian Wells Italienne Flavia Pennetta
44%
2009 Cincinnati Serbe Jelena Janković
44%
2010 Indian Wells Serbe Jelena Janković
44%
2017 Miami Britannique Johanna Konta
44%
2018 Cincinnati Néerlandaise Kiki Bertens
44%
2019 Madrid Néerlandaise Kiki Bertens
44%
2009 Pékin Russe Sveltana Kuznetsova
44%
2009 Indian Wells Russe Vera Zvonareva
33%
2010 Rome Espagnole María Jose Martínez
22%
2012 Tokyo Russe Nadia Petrova
22%
Aucun quiz correspondant
Distribution des résultats
% des personnes avec chaque résultat
Percentile par nombre de réponses
Votre historique - résultats
Vous n’avez pas pris ce quiz depuis la dernière actualisation